| 000 -ლიდერი |
| ფიქსირებული სიგრძის საკონტროლო ველი |
01290nam a22002057a 4500 |
| 003 - საკონტროლო ნომრის იდენტიფიკატორი |
| საკონტროლო ველი |
Ge_BSU |
| 005 - ბოლო ოპერაციის თარიღი და დრო |
| საკონტროლო ველი |
20251120163408.0 |
| 008 - ფიქსირებული სიგრძის მონაცემთა ელემენტები - ზოგადი ინფორმაცია |
| ფიქსირებული სიგრძის საკონტროლო ველი |
251120s2025 ge ||||| |||| 00| 0 geo d |
| 041 ## - ენის კოდი |
| Language code of text/sound track or separate title |
geo |
| 080 ## - უნივერსალური ათობითი კლასიფიკაციის ინდექსი |
| Universal Decimal Classification number |
087.5 : 502.17 ს-58 |
| 245 ## - ცნობა სათაურის შესახებ |
| Title |
სკოლამდელი გარემოსდაცვითი განათლება : სასკოლო მზაობის პროგრამა/ |
| Remainder of title |
(დამხმარე სახელმღვანელო აღმზრდელთათვის). |
| 250 ## - გამოცემის ცნობა |
| Edition statement |
მე-2 გამოცემა |
| 264 ## - წარმოების, გამოცემის, დისტრიბუციის და სხვა ცნობები |
| გამოცემის, წარმოების, დისტრიბუციის... ადგილი |
თბილისი, |
| გამოცემის, წარმოების, დისტრიბუციის... თარიღი |
2019. |
| 300 ## - ფიზიკური აღწერა |
| Extent |
112 გვ. : |
| Other physical details |
ილ. ; |
| Dimensions |
30 სმ. |
| 500 ## - ზოგადი შენიშვნა |
| General note |
სახელმძღვანელო მომზადდა საქ. გარემო დაცვისა და სოფლის მეურნეობის სამინისტროს, სსიპ გარომოსდაცვითი ინფორმაციისა და განათლების ცენტრის მიერ. |
| 504 ## - BIBLIOGRAPHY, ETC. NOTE |
| Bibliography, etc |
ბიბლიოგრ.: გვ. 112. |
| 653 ## - INDEX TERM--UNCONTROLLED |
| Uncontrolled term |
საყმაწვილო ლიტერატურა |
| 653 ## - INDEX TERM--UNCONTROLLED |
| Uncontrolled term |
გარემოს დაცვა |
| 942 ## - ADDED ENTRY ELEMENTS (KOHA) |
| Source of classification or shelving scheme |
|
| Koha item type |
წიგნი |